000
00298nam a22001217a 4500
008
180208b xxu||||| |||| 00| 0 eng d
041
_a
eng
080
_a
611.085
100
_a
9
101
_a
shm
245
_a
histological tuping upper respiratory tract tumours
_c
sobin.l.h
942
_2
udc
_c
BK
999
_c
42132
_d
42132